MARC

LEADER 00000nam0a2200000 4500
001 270754
005 20231101234355.0
035 |a (RuTPU)RU\TPU\book\293935 
090 |a 270754 
100 |a 20141001d1987 km y0rusy50 ca 
101 0 |a rus 
102 |a UA 
105 |a a z 001zy 
200 1 |a Устройства на неоднородных линиях  |f В. В. Козловский, В. И. Сошников 
210 |a Киев  |c Технiка  |d 1987 
215 |a 191 с.  |c ил. 
320 |a Библиогр.: с. 186-189 
606 1 |a Волноводы диэлектрические  |2 stltpush  |3 (RuTPU)RU\TPU\subj\3529  |9 31931 
610 1 |a неоднородные среды 
610 1 |a схемы замещения 
610 1 |a неоднородные линии 
610 1 |a дифференциальные уравнения 
610 1 |a свойства 
610 1 |a синтез 
610 1 |a резонаторы 
610 1 |a генераторы гармонических колебаний 
610 1 |a электрические фильтры 
675 |a 621.372.82  |v 4 
700 1 |a Козловский  |b В. В.  |g Валерий Викторович 
701 1 |a Сошников  |b В. И.  |g Виктор Иванович 
801 1 |a RU  |b 63413507  |c 20141001 
801 2 |a RU  |b 63413507  |c 20170307  |g RCR 
942 |c BK